Staatliche Navigations-Schule in Hamburg
Descripción Física:
1 díptic ; 23 cm
Materias:
Navegació -- Hamburg -- Currículums
MARC
| LEADER | 00000nam a2200000Ia 4500 | ||
|---|---|---|---|
| 001 | 15915 | ||
| 008 | 160829s1904?] xx 000 0 cat d | ||
| 080 | |a RF-13-11 | ||
| 100 | |a Staatliche Navigations-Schule in Hamburg |9 39114 | ||
| 245 | |a Staatliche Navigations-Schule in Hamburg | ||
| 260 | |a [Hamburg : |b s.n., |c 1904?] | ||
| 300 | |a 1 díptic ; |c 23 cm | ||
| 650 | |a Navegació |x Hamburg |x Currículums |9 39115 | ||
| 856 | 4 | |u https://media.diba.cat/diba/fitxers/arxiu/fulletons/bib_15915_1904_baixa.pdf |y Accés lliure | |
| 856 | 4 | |u https://media.diba.cat/diba/fitxers/arxiu/fulletons/bib_15915_1904_baixa.pdf |y Accés lliure | |
| 901 | |a Arxiu | ||
| 942 | |n 1 |2 udc | ||
| 952 | |0 0 |1 0 |4 0 |6 RF1311 |7 1 |9 48812 |a Arxiu |b Arxiu |d 2016-12-01 |l 0 |o RF-13-11 |p 15915 |r 2016-12-01 00:00:00 |w 2016-12-01 |y ARXIU | ||
| 999 | |c 52645 |d 52645 | ||
| 900 | |a bib_15915_1904_baixa.pdf | ||